red states elections 2024 - Statistics

General Stats
  • This quiz has been taken 98 times
  • The average score is 30 of 31
Answers on the Map
Answers color-coded by a green-red scale on the quiz's map according to % correct below.
 
Answer Stats
Answer % Correct
texas
100%
alaska
99%
florida
99%
georgia
99%
north carolina
99%
south carolina
99%
alabama
97%
arizona
97%
arkansas
97%
idaho
97%
indiana
97%
north dakota
97%
ohio
97%
south dakota
97%
utah
97%
wyoming
97%
iowa
96%
montana
96%
nevada
96%
oklahoma
96%
pennsylvania
96%
kansas
94%
kentucky
94%
louisiana
94%
michigan
94%
mississippi
94%
nebraska
94%
tennessee
94%
west virginia
94%
missouri
91%
wisconsin
91%
No matching quizzes found
Score Distribution
Percent of People with Each Score
Percentile by Number Answered
Your Score History
You have not taken this quiz